| 000 | 00519nam a22001697a 4500 | ||
|---|---|---|---|
| 005 | 20140310183651.0 | ||
| 008 | 140115b xxu||||| |||| 00| 0 eng d | ||
| 020 | _a9781593853136 | ||
| 020 | _a1593853130 | ||
| 050 |
_aRJ 499 _b.H36 2006 |
||
| 245 |
_aHandbook of preschool mental health : _bdevelopment, disorders, and treatment / _cedited by Joan L. Luby. |
||
| 260 |
_aNew York : _bGuilford Press, _c2006. |
||
| 300 |
_axviii, 430 p. : _bill. ; _c24 cm. |
||
| 521 | _aEDU | ||
| 942 |
_2lcc _cBK _kFOR |
||
| 999 |
_c26061 _d26061 |
||